| 000 | 00788nas a2200253 4500 | ||
|---|---|---|---|
| 001 | BR0900035 | ||
| 003 | BR-BrBNA | ||
| 005 | 20231205112949.0 | ||
| 007 | ta | ||
| 008 | 230509b bl.|||p| |||| 00| 00por d | ||
| 040 |
_aBR-BrBNA _bpor _cBiblioteca Nacional de Agricultura |
||
| 041 | _a(Pt) | ||
| 072 | _aP10 | ||
| 100 | 1 | _aGoldfarrh, M. C. | |
| 100 | 1 | _aSilva, T.C. da | |
| 245 | 1 | _aFormulação unificada para cálculo da resistência ao escoamento em canais e em tubos pressurizados lisos. | |
| 650 | _aÁGUA | ||
| 650 | _aESCOAMENTO | ||
| 650 | _aCANAL | ||
| 650 | _aTUBO | ||
| 773 | 0 |
_tRevista Brasileira de Recursos Hídricos (Brazil) _xISSN 1414-381X _g(Jan-Mar 2007), v. 12(1) p. 133-140 _wBR0900035 |
|
| 909 |
_a202311 _bLúcia _c55 _dLúcia Elande |
||
| 942 |
_2AGRIS _n0 _cANA |
||
| 999 |
_c201051 _d201051 |
||